|
|
|
|
| LEADER |
00000nab a2200000 a 4500 |
| 001 |
vtls000388319 |
| 003 |
SK-MaSNL |
| 005 |
20260318114757.0 |
| 008 |
230120c1990 xo 0 slo |
| 015 |
|
|
|a SNBRB19rr/mm-uuuuu
|
| 035 |
|
|
|a CL0388443
|
| 035 |
|
|
|a (urnnbn)urn:nbn:sk:snk:ar-004w62
|
| 035 |
|
|
|a (uuid)a0c4fb09-05f4-46bc-b823-095b87e9a41e
|
| 035 |
|
|
|a urn:nbn:sk:snk-ab7yik
|
| 040 |
|
|
|a SNKBUCL
|b slo
|c SNKBUCL
|e AACR2
|
| 041 |
0 |
|
|a slo
|
| 044 |
|
|
|a xo
|c SK
|
| 080 |
|
|
|a 943.8
|2 1981
|
| 080 |
|
|
|a 911.375(091)
|2 1981
|
| 100 |
1 |
|
|a Halaga, Ondrej R.,
|d 1918-2011
|4 aut
|9 135293
|
| 245 |
1 |
0 |
|a Bogucka, M. - Samsonowicz, H: Dzieje miast i mieszczastva w Polsce przedrozbiorowej
|c O.R. Halaga
|
| 650 |
0 |
7 |
|a kultúra mestská
|2 snkbucl
|9 1599852
|
| 650 |
0 |
7 |
|a mestá
|2 snkbucl
|9 2929
|
| 650 |
0 |
7 |
|a buržoázia
|2 snkbucl
|9 4870
|
| 651 |
|
7 |
|a Poľsko
|2 snkbucl
|9 16755
|
| 655 |
|
7 |
|a články z novín a časopisov
|2 snkbucl
|9 267496
|
| 700 |
1 |
|
|a Bogucka, M.
|4 aut
|9 1599853
|
| 700 |
1 |
|
|a Samsonowicz, Henryk,
|d 1930-2021
|4 aut
|9 120057
|
| 773 |
0 |
|
|t Historický časopis
|g Roč. 38, č. 1 (1990), s. 109-111
|
| 787 |
0 |
8 |
|i Rec.:
|a Bogucka, M.
|t Dzieje miast i mieszczastva w Polsce przedrozbiorowej
|d Wroclaw : Ossoloneum, 1986
|
| 850 |
|
|
|a Slovenská národná knižnica v Martine
|a MTA001
|
| 852 |
|
|
|a SNK
|b KIS3GCP
|
| 954 |
|
|
|a odborná, vedecká literatúra pôvodná (slovenská)
|2 lita
|
| 958 |
|
|
|a OND
|
| 958 |
|
|
|a RK
|
| 958 |
|
|
|a PL
|
| 958 |
|
|
|a SK
|
| 958 |
|
|
|a EUIPO
|
| 958 |
|
|
|a article9
|
| 992 |
|
|
|a RBX
|
| 999 |
|
|
|c 3290410
|d 3292340
|